Affective disorders : psychoanalytic contribution to their study.

Bibliographic Details
Main Author: Greenacre, Phyllis
Format: Book
Language:English
Published: New York : International Universities Press, [1953]
Subjects:

MARC

Tag First Indicator Second Indicator Subfields
LEADER 00000cam a2200000 4500
001 in00000052033
005 20151007080254.0
008 730622s1953 eng u
010 |a  53011058  
035 |a (OCoLC)00645372 
035 |9 AAF4532AM 
040 |c WSU  |d TXA  |d UtOrBLW 
049 |a TXAM  |c [239719] 
050 0 |a RC458  |b .G7 
092 |a 131.3404  |b G795a 
100 1 |a Greenacre, Phyllis. 
245 1 0 |a Affective disorders :  |b psychoanalytic contribution to their study. 
264 1 |a New York :  |b International Universities Press,  |c [1953] 
300 |a 212 pages 
336 |a text  |b txt  |2 rdacontent 
337 |a unmediated  |b n  |2 rdamedia 
338 |a volume  |b nc  |2 rdacarrier 
504 |a Includes bibliographies. 
505 0 |a Foreword, by P. Greenacre.--The mechanism of depression, by E. Bibring.--Contribution to the metapsychology of cyclothymic depression, by E. Jacobson.--"The depressive position," by E. R. Zetzel.--An equivalent of depression: anorexia, by G. Gero.--Mania and the pleasure principle: primary and secondary symptons, by M. Katan. 
650 0 |a Psychiatry. 
650 0 |a Psychoanalysis. 
999 |a MARS 
999 f f |s b884f629-90e8-325e-b10a-8f74594c8b62  |i 4eb58cd9-eb8e-3008-9aed-331d93f4b454  |t 0 
952 f f |p ric  |a Texas A&M University  |b Rellis Campus  |c Joint Library Facility  |d Remote Storage  |t 0  |e RC458 .G7  |h Library of Congress classification  |i unmediated -- volume  |m A14800510735 
998 f f |a RC458 .G7  |t 0  |l Remote Storage